000 00377nam a2200145Ia 4500
008 221030s9999 xx 000 0 und d
020 _a9351340155
100 _aN. D. Vohra
245 0 _aQuantitative Techniques in Management
_cby N. D. Vohra
250 _a4th
260 _bMcGraw - Hill Pub.
_aNew Delhi
_c2015
300 _a1063
650 _aManagement
942 _cBK
_2ddc
999 _c15782
_d15782